000 01720cam a22004817a 4500
999 _c2877
_d2877
001 17425286
003 GZU
005 20201111094319.0
008 120810s2013 enka b 001 0 eng d
010 _a 2012946762
015 _aGBB2C2514
_2bnb
016 7 _a016225241
_2Uk
020 _a9780857029737 (hbk.)
020 _a0857029738 (hbk.)
020 _a0857029746 (pbk.)
020 _a9780857029744 (pbk.)
035 _a(OCoLC)ocn820779892
040 _aUKMGB
_beng
_cUKMGB
_dOCLCO
_dYDXCP
_dBWK
_dYNK
_dCDX
_dBWX
_dUAB
_dOCLCF
_dOCLCQ
_dCHVBK
_dDLC
042 _alccopycat
050 0 0 _aHD 30.4
_b.MYE 2013
082 0 4 _a650.072
_223
100 1 _aMyers, Michael D.
_q(Michael David),
_d1954-
245 1 0 _aQualitative research in business & management /
_cMichael D. Myers.
246 3 _aQualitative research in business and management
250 _a2nd ed.
260 _aLondon :
_bSAGE,
_c2013.
300 _axii, 277 pages :
_billustrations ;
_c25 cm
336 _atext
_btxt
_2rdacontent
337 _aunmediated
_bn
_2rdamedia
338 _avolume
_bnc
_2rdacarrier
500 _aPrevious edition: 2009.
504 _aIncludes bibliographical references (pages 256-269) and index.
650 0 _aManagement
_xResearch.
650 7 _aManagement
_xResearch.
_2fast
_0(OCoLC)fst01007221
650 7 _aManagement.
_2gnd
_0(DE-588)4037278-9
650 7 _aForschung.
_2gnd
_0(DE-588)4017894-8
650 7 _aQualitative Methode.
_2gnd
_0(DE-588)4137346-7
906 _a7
_bcbc
_ccopycat
_d2
_encip
_f20
_gy-gencatlg
942 _2lcc
_cBK
_e2nd ed.
_h30.4
_iMYE
_kHD